| 000 | 00643cam a2200205 4500500 | ||
|---|---|---|---|
| 005 | 20260405002503.0 | ||
| 041 | _afre | ||
| 042 | _adc | ||
| 100 | 1 | 0 |
_aDuru, Martin _eauthor |
| 245 | 0 | 0 | _aLa pensée doit-elle s’exprimer dans un langage accessible ? |
| 260 | _c2017. | ||
| 500 | _a62 | ||
| 690 | _aDifficulté | ||
| 690 | _aFrançoise Dastur | ||
| 690 | _aFrédéric Schiffter | ||
| 690 | _aJargon | ||
| 690 | _aSimplicité | ||
| 786 | 0 | _nPhilosophie magazine | 111 | 7-8 | 2017-07-01 | p. 36-37 | 1951-1787 | |
| 856 | 4 | 1 | _uhttps://shs.cairn.info/magazine-philosophie-magazine-2017-7-8-page-36?lang=fr&redirect-ssocas=7080 |
| 999 |
_c2058119 _d2058119 |
||